MDQL
is popping MORE tags! Check the
thread
!
Quizzes
Events
Quiz Creation
Community
Videos
Private Events
Remove Ads
Sign In
Join for FREE
Feedback
Dark Mode
Quiz Categories
Sports
Geography
Music
Movies
Television
Just For Fun
Miscellaneous
History
Literature
Language
Science
Gaming
Entertainment
Religion
Holiday
For Kids
Quiz Lab
Recent
Popular Today
Quiz Kudos Today
Editor Picks
Curator Picks
Quizzes by...
Day
Popularity
Type
Ratings
Length
Year
Community
Subscriptions
Recent Discussions
Orange Saloon
Badges
Playlists
Quests
Create
Leaderboards
Showdown
Live 5
Trivia Bingo
Activity
Puzzle Library
Sporcle Events
Private Events
Virtual Trivia
Globe League
Become a Host
Pub Owners
SporcleCon
Opinionation
Our Games
Videos
Blog
Mobile Apps
Partnerships
Remove Ads and Go Orange
Feedback
Sports
Athletes
MLB
NBA
NHL
NFL
Soccer
Sports Teams
WWE
NCAA
Football
Premier League
Basketball
Baseball
Hockey
Golf
Tennis
Cricket
Rugby
Auto Racing
Olympics
World Cup
Sports
Athletes
MLB
NBA
NHL
NFL
Soccer
Sports Teams
WWE
NCAA
Football
Premier League
Basketball
Baseball
Hockey
Golf
Tennis
Cricket
Rugby
Auto Racing
Olympics
World Cup
Random Quiz
Search Sporcle
×
Quiz Lab
Quiz Lab
Sports
MLB
Type in answers that appear in a list
Type in answers that appear in a list
Classic
Best Score? Go Orange.
MLB - AL Second Basemen of the 1980s Stats
Can you name the AL players with the most games played at second base in the 1980s?
By
Bub
10m
140 Questions
1,530 Plays
1,530 Plays
1,530 Plays
Comments
Comments
Give Quiz Kudos
Give Quiz Kudos
-
- Ratings
hide this ad
Replay
Link that replays current quiz
Next Quiz
Link to next quiz in quiz playlist
You Got
0%
They Got
Avg Score
67%
Avg Friend Score
Upgrade to see
Score Distribution
Jump to the score distribution portion of the page
Score
0/140
Timer
10:00
0
Plays Today
% Correct
Lou Whitaker
96.7%
Lou Whitaker
96.7%
Lou Whitaker
96.7%
Lou Whitaker
96.7%
Lou Whitaker
96.7%
Lou Whitaker
96.7%
Lou Whitaker
96.7%
Lou Whitaker
96.7%
Lou Whitaker
96.7%
Lou Whitaker
96.7%
Willie Randolph
96.5%
Willie Randolph
96.5%
Willie Randolph
96.5%
Willie Randolph
96.5%
Willie Randolph
96.5%
Willie Randolph
96.5%
Willie Randolph
96.5%
Willie Randolph
96.5%
Willie Randolph
96.5%
Frank White
95.3%
Frank White
95.3%
Frank White
95.3%
Frank White
95.3%
Frank White
95.3%
Frank White
95.3%
Frank White
95.3%
Frank White
95.3%
Frank White
95.3%
Frank White
95.3%
Bobby Grich
92.3%
Bobby Grich
92.3%
Bobby Grich
92.3%
Bobby Grich
92.3%
Bobby Grich
92.3%
Jim Gantner
87.5%
Jim Gantner
87.5%
Jim Gantner
87.5%
Jim Gantner
87.5%
Jim Gantner
87.5%
Jim Gantner
87.5%
Jim Gantner
87.5%
Jim Gantner
87.5%
Harold Reynolds
83.6%
Harold Reynolds
83.6%
Harold Reynolds
83.6%
Harold Reynolds
83.6%
Damaso Garcia
81.1%
% Correct
Damaso Garcia
81.1%
Damaso Garcia
81.1%
Damaso Garcia
81.1%
Damaso Garcia
81.1%
Damaso Garcia
81.1%
Damaso Garcia
81.1%
Paul Molitor
79.6%
Marty Barrett
79.3%
Marty Barrett
79.3%
Marty Barrett
79.3%
Marty Barrett
79.3%
Marty Barrett
79.3%
Marty Barrett
79.3%
Steve Sax
77.5%
Jerry Remy
73.6%
Jerry Remy
73.6%
Jerry Remy
73.6%
Billy Ripken
73.4%
Billy Ripken
73.4%
Billy Ripken
73.4%
Rich Dauer
73.3%
Rich Dauer
73.3%
Rich Dauer
73.3%
Rich Dauer
73.3%
Rich Dauer
73.3%
Julio Franco
72.2%
Julio Franco
72.2%
Tony Phillips
69.1%
Tony Phillips
69.1%
Tony Phillips
69.1%
Julio Cruz
65.9%
Julio Cruz
65.9%
Julio Cruz
65.9%
Julio Cruz
65.9%
Julio Cruz
65.9%
Julio Cruz
65.9%
Julio Cruz
65.9%
Bump Wills
60.1%
Bump Wills
60.1%
Tony Bernazard
59.2%
Tony Bernazard
59.2%
Tony Bernazard
59.2%
Tony Bernazard
59.2%
Tony Bernazard
59.2%
Tony Bernazard
59.2%
Tony Bernazard
59.2%
Steve Lombardozzi
58.5%
% Correct
Steve Lombardozzi
58.5%
Steve Lombardozzi
58.5%
Johnny Ray
57.5%
Johnny Ray
57.5%
Toby Harrah
55.8%
Toby Harrah
55.8%
Joe Morgan
50.5%
Tim Teufel
47.2%
Tim Teufel
47.2%
Davey Lopes
47.1%
Davey Lopes
47.1%
Duane Kuiper
46.9%
Glenn Hubbard
46.7%
Rob Wilfong
45.5%
Rob Wilfong
45.5%
Rob Wilfong
45.5%
Rob Wilfong
45.5%
Manuel Lee
43.7%
Alan Wiggins
41.8%
John Castino
39.8%
John Castino
39.8%
Dave Stapleton
37.4%
Manny Trillo
36.8%
Jerry Browne
36%
Jerry Browne
36%
Donnie Hill
34.5%
Garth Iorg
34%
Jack Perconte
31.3%
Jack Perconte
31.3%
Jack Perconte
31.3%
Mark McLemore
30.1%
Nelson Liriano
29.4%
Wayne Tolleson
29.2%
Wayne Tolleson
29.2%
Wally Backman
29.2%
Jim Morrison
26.3%
Steve Lyons
24.8%
Shooty Babitt
24.2%
Fred Manrique
23.7%
Fred Manrique
23.7%
Curt Wilkerson
23.1%
Dave McKay
22.7%
Jack Brohamer
19.5%
Juan Bonilla
17.6%
Juan Castillo
16.4%
Mike Richardt
12.7%
Quiz Playlist
Details
Report
Send in Message
Add To Playlist
Classic:
Type in answers that appear in a list
Quiz Source
Last Updated: Feb 16, 2017
Quiz Scoreboard
CHALLENGE
Sign Up to Join the Scoreboard
Show All
Scores
Hide
Comments
May contain spoilers
Recently Published
Holiday 10x10 Sorting Gallery
by lukepisani3
Holiday
15m
Two Season TV Shows II
by 123Four
Television
10m
Image Sorting: Flags VI
by Barbecue
Geography
2m
More to Explore
Quiz From the Vault
Featured Blog Post
14 Easter Pick-up Lines to Find Eggs With
hide this ad
You Might Also Like...
Tags
Baseball Quiz
MLB Quiz
1980s
Second Basemen
Today's Top Quizzes in Sports
Browse Sports
hide this ad
Today's Top Quizzes in MLB
Browse MLB
Top Contributed Quizzes in Sports
1
Les meilleurs buteurs des matchs entre le PSG et l’OM
2
Les entraîneurs de l'OM et du PSG au 21e siècle
3
2022 World Cup Stars
4
Les joueurs passés par le PSG et l'OM
5
Players with Multiple 50 Home Run Seasons
6
FIFA Club World Cup Champions
7
Top 10 NHL Goal Scorers of All Time
8
Les joueurs passés par le LOSC et le RC Lens
9
Criteria MLB: Left Handed Sluggers
10
2023 MLB Unique Player Accomplishments
Explore More
Trending Topics
Disney
Crossword
Marvel
Kpop
Harry Potter
NBA
Anime
Country
NFL
WWE
Puzzle
Song
Soccer
The Office
Pokémon
hide this ad
More By:
Bub
Quiz
Plays
Rating
Category
Featured
Created
MLB - Top 5 Extra Base Hits, 1970-2023
3,634
4.92
Sports
May 2, 2016
MLB - NL Catchers of the 1970s
3,433
4.60
Sports
Sep 22, 2014
MLB - NL First Baseman of the 1970s
3,107
4.73
Sports
Oct 1, 2014
MLB - AL First Baseman of the 1970s
3,013
4.78
Sports
Oct 9, 2014
MLB - NL Third Basemen of the 1970s
2,871
4.63
Sports
Oct 20, 2014
Go to Creator's Profile
Score Distribution
Quiz Creator Spotlight
Bub
Follow
Send a Message
Quizzes Created
-
Created Quiz Play Count
-
More By This Creator
Popular Quizzes Today
1
Find the US States - No Outlines Minefield
2
Colored Red Africa Blitz
3
Find the 'City' Movie
4
The Countries of the World
5
Find the US States
6
5x2 Blitz: Bands
7
Find the Countries of Europe - No Outlines Minefield
8
US States
More Sports Quizzes
Rahul Dravid's partners in Century ODI Stands
Quiz Lab
Trending Quizzes
Colored Red Europe Blitz I
Colored Red Europe Blitz II
Colored Red Africa Blitz II
Colored Red Europe Blitz III
Colored Red Africa Blitz III
Recently Updated
Odd Team Out - Big 4 Players
pecheneg
Quick Pick: 20 Twenties
pecheneg
March Madness Men's Triple Doubles
pecheneg
How Do You Spell That?
pecheneg
Godzilla Movies
pecheneg
Grab Bag: 4-10 Letters
pecheneg
2024 March Madness Bracket
pecheneg
Famous TV Couples
Peacemaker
Champions League XIs: Real Madrid
pecheneg
Largest US Cities 1790-2010
pecheneg
Trending Topics
Marvel
NBA
Crossword
Kpop
Anime
Harry Potter
Disney
Pokémon
Song
Puzzle
Soccer
The Office
NFL
Country
WWE
Your Account Isn't Verified!
In order to create a playlist on Sporcle, you need to verify the email address you used during registration. Go to your
Sporcle Settings
to finish the process.
Report this User
Report this user for behavior that violates our
Community Guidelines
.
Details:
Send Report
Go to the Sporcle.com Mobile Site →
Comments